An Introduction to Sociology (Record no. 1244)

MARC details
000 -LEADER
fixed length control field 00433cam a2200181ua 4500
001 - CONTROL NUMBER
control field 1346
005 - DATE AND TIME OF LATEST TRANSACTION
control field 20260515113323.0
008 - FIXED-LENGTH DATA ELEMENTS--GENERAL INFORMATION
fixed length control field 110706n ii |||gr||||Z||||||asm
040 ## - CATALOGING SOURCE
Transcribing agency MAIN
082 ## - DEWEY DECIMAL CLASSIFICATION NUMBER
Classification number 301
100 1# - MAIN ENTRY--PERSONAL NAME
Personal name Ahmed, Gyasuddin,
245 ## - TITLE STATEMENT
Title An Introduction to Sociology
Statement of responsibility, etc. By Gyasuddin Ahmed
250 ## - EDITION STATEMENT
Edition statement 1st.
260 ## - PUBLICATION, DISTRIBUTION, ETC.
Place of publication, distribution, etc. Dibrugarh:
Name of publisher, distributor, etc. Banalata,
Date of publication, distribution, etc. 2005-06.
300 ## - PHYSICAL DESCRIPTION
Extent 340p:
Dimensions 23cm.
653 ## - INDEX TERM--UNCONTROLLED
Uncontrolled term Sociology
942 ## - ADDED ENTRY ELEMENTS (KOHA)
Koha item type Books
Holdings
Withdrawn status Lost status Damaged status Not for loan Home library Current library Shelving location Date acquired Total checkouts Full call number Barcode Date last seen Date last checked out Copy number Price effective from Koha item type
        Naharkatiya College Library Naharkatiya College Library General stacks 09/19/2020 8 301 | AHM 19118 11/30/2021 11/11/2021 1 09/19/2020 Books